000 01000pam a2200325 a 4500
001 1964
003 FISKH
005 20250425083100.0
020 _a9781409113058 (pack.) :
020 _a9781842557242
020 _a1409113051 (pack.) :
020 _a9781842557242 (pbk.)
040 _aStDuBDS
_beng
_cStDuBDS
_dUk
_dFISKH
050 _aPZ7
082 0 4 _a823.914
_222
100 1 _aSimon, Francesca.
245 1 0 _aHorrid Henry's underpants /
_cby Francesca Simon ; illustrated by Tony Ross
250 _aThis edition published in 2009
260 _aLondon :
_bOrion Children's Books,
_c2003
300 _a76 pages :
_bcolor illustrations ;
_c20 cm
500 _aEarly reader
505 _aN
520 _aHorrid Henry receives a most unwelcome present . . .
521 _a580
_bLexile
521 _aN
_bRaz-Plus
650 0 _aHorrid Henry (Fictitious character)
_vJuvenile fiction.
655 0 _aChildren's stories.
700 1 _aRoss, Tony.
_eillustrator
942 _2ddc
_cBK
_n0
999 _c1964
_d1964